00265nam a22000857a 4500008004100000082002100041245010000062260000900162300000800171230621b xxu||||| |||| 00| 0 eng d a328.33bSCT 2004 aSociety of Clerks-At-The-Table in Commonwealth ParliamentsbList of Members as at 15 March 2004 c2004 a29p